书目信息 |
| 题名: |
微型计算机原理与接口技术
|
|
| 作者: | 吕林涛 主编 | |
| 分册: | ||
| 出版信息: | 北京 科学出版社 2005.10 |
|
| 页数: | 346页 | |
| 开本: | 26cm | |
| 丛书名: | ||
| 单 册: | ||
| 中图分类: | TP36 | |
| 科图分类: | ||
| 主题词: | 微型计算机--wei xing ji suan ji--高等学校--教材 , 微型计算机--wei xing ji suan ji--接口设备--高等学校--教材 | |
| 电子资源: | ||
| ISBN: | 7-03-016301-X | |
| 000 | 00931nam0 2200241 450 | |
| 001 | 012006919159 | |
| 005 | 20060928085238.92 | |
| 010 | @a7-03-016301-X@dCNY30.00 | |
| 100 | @a20060726d2005 km y0chiy0120 ea | |
| 101 | 0 | @achi |
| 102 | @aCN@b110000 | |
| 105 | @aa z 000yy | |
| 200 | 1 | @a微型计算机原理与接口技术@Awei xing ji suan ji yuan li yu jie kou ji shu@f吕林涛主编@Flu lin tao zhu bian |
| 210 | @a北京@c科学出版社@d2005.10 | |
| 215 | @a346页@c图@d26cm | |
| 300 | @a面向21世纪高等院校计算机系列规划教材 | |
| 330 | @a全书共分13章,主要内容包括微型计算机概论、微型计算机系统中的微处理器、Intel 8086/8088指令系统、半导体存储器及其接口、输入输出与接口技术、中断技术等。 | |
| 606 | 0 | @a微型计算机@Awei xing ji suan ji@x高等学校@j教材 |
| 606 | 0 | @a微型计算机@Awei xing ji suan ji@x接口设备@x高等学校@j教材 |
| 690 | @aTP36@v4 | |
| 701 | 0 | @a吕林涛@Alu lin tao@4主编 |
| 801 | 0 | @aCN@c20060928 |
| 905 | @a10447@dTP36@eL894 | |
| 微型计算机原理与接口技术/吕林涛主编.-北京:科学出版社,2005.10 |
| 346页:图;26cm |
| 面向21世纪高等院校计算机系列规划教材 |
| ISBN 7-03-016301-X:CNY30.00 |
| 全书共分13章,主要内容包括微型计算机概论、微型计算机系统中的微处理器、Intel 8086/8088指令系统、半导体存储器及其接口、输入输出与接口技术、中断技术等。 |
| ● |
| 相关链接 |
|
|
|
正题名:微型计算机原理与接口技术
索取号:TP36/L894
 
预约/预借
| 序号 | 登录号 | 条形码 | 馆藏地/架位号 | 状态 | 备注 |
| 1 | 598116 | 205981160 | 自科二线404/404自科库 18排2列4层/ [索取号:TP36/L894] | 在馆 | |
| 2 | 598117 | 205981179 | 自科库301/301自科库 92排1列4层/ [索取号:TP36/L894] | 在馆 | |
| 3 | 598118 | 205981188 | 自科库301/301自科库 92排1列4层/ [索取号:TP36/L894] | 在馆 |